000 01099nam a2200241 a 4500
999 _c447252
_d447252
003 BLK
005 20230727123814.0
008 220302b bu |||||r|||| 00| | bu d
040 _aBLK
041 _aBUL
_cBUL
080 _aСелскостопански предприятия според методите на производството и производств. продукция - АПК и др.
_b631.14
_x(497.215)(062)
_z631.14(497.215)(062)
139 _aАграрно-промишлен комплекс "Съветска Русия"
_bА 25
245 _aАграрно-промишлен комплекс "Съветска Русия"
_bс. Сливо поле, Русенски окръг носител на орден "Георги Димитров"
_h[Малотир. изд.]
260 _9441842
_aРусе
_cб. г.
300 _a20 с.
_bс цв.ил.
_c19x19 см
380 _a63
651 7 _9179557
_aСливо поле
653 7 _9181183
_aАПК
852 _bК
_cК 63/А 25
942 _cKNG
_n0
_s1
_01
944 _aCR
_c2022-03-07
_k30556
_lТеодора Пейчева-Дянкова
999 _d447252